00522nam a2200181Ia 4500008004100000020002800041040001900069041001200088082002500100100002200125245006800147260003100215300002400246504001900270650001900289651001400308850001800322131103s9999 xx 000 0 und d a0 590 63474 7cRs.80.00 aLoreto College aEnglish a920/BRAbLCBED/12375 aFreedman, Russell aOut of darknessb the story of Louis Braille cRussell Freedman aNew YorkbScholasticc1998 a81p.b ill.c 20cm. aIncludes index aBraille, Louis aBiography aLCBED/920/BRA